000 01082 a2200253 4500
003 Nust
005 20220720104300.0
010 _a 00030074
020 _a1852336226 (acid-free paper)
040 _cNust
082 0 0 _a003.54,JON
100 1 _aJones, Gareth A.,
_994009
245 1 0 _aInformation and coding theory /
_cGareth A. Jones and J. Mary Jones.
260 _aLondon ;
_aNew York :
_bSpringer,
_cc2000.
300 _axiii, 210 p. :
_bill. ;
_c24 cm.
440 0 _aSpringer undergraduate mathematics series
_98874
505 _aSource Coding (Page-1), Optimal Codes (Page-19), Entropy (Page-35), Information Channels,(Page-55), Using an Unreliable Channel (Page-79), Error-correcting Codes(Page-97), Linear Codes (Page121-)
650 0 _aCoding theory.
_93106
650 0 _aInformation theory.
_93107
700 1 _aJones, J. Mary
_d1946-
_994010
856 4 2 _3Publisher description
_uhttp://www.loc.gov/catdir/enhancements/fy0816/00030074-d.html
856 4 2 _3Table of contents only
_uhttp://www.loc.gov/catdir/enhancements/fy0816/00030074-t.html
942 _2ddc
_cREF
999 _c219325
_d219325